00755 am a2200193 a 450000500170000000800410001702000080005804100080006610000220007424500860009625000610018226000600024330000110030350001610031465300170047565300210049265300280051370000200054120240701134526.0100902s1973||||ag d f |||| 001 0 spa d aS/N aspa1 aMasoro, Edward J. aEquilibrio Ácido-Base.bSu fisiología y fisiopatología / cEdward J. Masoro a1a ed.bTraducción Thamara Hormaechea y Kurt Brainin. aBuenos Aires: bEditorial Médica Panamericana;c1973. a186 p. aMasoro, E. J. y Siegel, P. D. (1973). Equilibrio Ácido-Base. Su fisiología y fisiopatología. (1a ed.). Buenos Aires : Editorial Médica Panamericana. aFisiología aFisiopatología aEquilibrio ácido-base1 aSiegel, Paul D.